Modelos financieros con excel

Detalles Bibliográficos
Autor principal: Gutiřrez Carmona, Jairo
Formato: Desconocido
Lenguaje:español
Publicado: Bogot ̀: Ecoe, 2008
Materias:
Acceso en línea:Acceso restringido

MARC

LEADER 00000ny a22000003n 4500
005 20110617112048.0
008 031107s2008 ck 000 0 spa d
035 |a 3387 
040 |a BUS  |d vLex 
090 |c 807  |d 807 
100 1 |a Gutiřrez Carmona, Jairo 
245 1 0 |a Modelos financieros con excel  |h [Recurso electrn̤ico]  |c Jairo Gutiřrez Carmona 
256 |a Servicio en ln̕ea 
260 |a Bogot ̀:  |b Ecoe,  |c 2008 
300 |a p. ;  |c cm 
506 1 |a Contenido solo disponible en los productos indicados  |d vLex Global  |d vLex Global (Academic Edition, excluding Law Schools)  |d vLex Global (U.S. Academic Edition, Law Schools)  |d vLex Global (U.S. Academic Edition, excluding Law Schools)  |d vLex Global (Academic Edition, Law Schools) 
650 0 4 |a EXCEL (Programa de ordenador) 
650 0 4 |a Finanzas  |x Informt̀ica 
740 0 |a vLex Libros (Servicios en ln̕ea) 
856 4 0 |u http://vlex.com/source/3387  |z Acceso restringido 
942 |c BOOK 
999 0 |a Finance  |b Bogot̉